Central Library OPAC University of Rajshahi

Essays in labour history : (Record no. 2801)

MARC details
000 -LEADER
fixed length control field 01158nam a2200277 a 4500
001 - CONTROL NUMBER
control field 2801
003 - CONTROL NUMBER IDENTIFIER
rucl marc code BD-RjUL
005 - DATE AND TIME OF LATEST TRANSACTION
control field 20211208233624.0
008 - FIXED-LENGTH DATA ELEMENTS--GENERAL INFORMATION
fixed length control field 131217r19671960enk b 011 0 eng d
035 ## - SYSTEM CONTROL NUMBER
System control number (BD-RjUL)2828
040 ## - CATALOGING SOURCE
Original cataloging agency CSU
Modifying agency m.c
Language of cataloging eng
Transcribing agency BD-RjUL
041 ## - LANGUAGE CODE
Language code of text/sound track or separate title eng
082 ## - DEWEY DECIMAL CLASSIFICATION NUMBER
Edition number 331.0942
Author mark and year ESS 1967
245 00 - TITLE STATEMENT
Title Essays in labour history :
Remainder of title in memory of G. D. H. Cole, 25 September 1889-14 January 1959 /
Statement of responsibility, etc. edited by Asa Briggs and John Saville ; with recollections of G. D. H. Cole by Ivor Brown ... [et al.]
260 ## - PUBLICATION, DISTRIBUTION, ETC. (IMPRINT)
Place of publication, distribution, etc. London ;
-- New York :
Name of publisher, distributor, etc. Macmillan :
-- St. Martin's Press,
Date of publication, distribution, etc. c1960 [Revised 1967]
300 ## - PHYSICAL DESCRIPTION
Pagination vii, 363 p. :
Illustrations Ill. ;
Size 23 cm.
504 ## - BIBLIOGRAPHY, ETC. NOTE
Bibliography, etc Includes bibliographical footnotes and index.
600 10 - SUBJECT ADDED ENTRY--PERSONAL NAME
Personal name Cole, G. D. H.
Fuller form of name (George Douglas Howard),
Dates associated with a name 1889-1959.
650 #0 - SUBJECT ADDED ENTRY--TOPICAL TERM
Topical term or geographic name as entry element Labor movement
Geographic subdivision Great Britain
General subdivision History.
9 (RLIN) 8977
Topical term or geographic name as entry element Working class
Geographic subdivision Great Britain.
9 (RLIN) 8978
General subdivision History
Topical term or geographic name as entry element Labor unions
Geographic subdivision Great Britain.
General subdivision History
9 (RLIN) 221199
700 1# - ADDED ENTRY--PERSONAL NAME
Personal name Briggs, Asa , ed.
Personal name Saville, John,
Dates associated with a name 1916-2009, jt. ed.
Personal name Brown, Ivor ... [et al.], recollector
942 ## - ADDED ENTRY ELEMENTS (KOHA)
Source of classification or shelving scheme Dewey Decimal Classification
Koha item type Books
Holdings
Lost status Source of classification or shelving scheme Damaged status Not for loan Collection code Permanent Location Current Location Date acquired Source of acquisition Cost, normal purchase price Total Checkouts Full call number Date last seen Copy number Koha item type Shelving location
  Dewey Decimal Classification     Non-fiction Central Library, University of Rajshahi Central Library, University of Rajshahi 04/08/1972 Book center 27.50   331.0942 ESS 1967 17/12/2013 C-2 Books  
  Dewey Decimal Classification   Not For Loan Non-fiction Central Library, University of Rajshahi Central Library, University of Rajshahi 06/11/1963 Zeitlinger 42.00   331.0942 ESS 1960 01/08/2016 C-1 Books Reading Room
  Dewey Decimal Classification     Non-fiction Central Library, University of Rajshahi Central Library, University of Rajshahi 03/04/1973 Book Centre, Dacca 27.50   331.0942 ESS 1967 18/04/2018 C-3 Books  
  Dewey Decimal Classification     Non-fiction Central Library, University of Rajshahi Central Library, University of Rajshahi 27/04/1974 Provincial book depot. Ltd. 30.00   331.0942 ESS 1967 18/04/2018 C-4 Books